| 000 | 00403 a2200133 4500 | ||
|---|---|---|---|
| 001 | 92974 | ||
| 082 | _aPR 2393 | ||
| 090 |
_c44610 _d44611 |
||
| 100 | _aUmer Talib, Prof Iftikhar Ali (Advisor) | ||
| 245 |
_aDesign and Development an Encryption Module for Use with VHF Walkie Talkie Sets using DSP Kit _n61'B' EC |
||
| 260 |
_aIslamabad _bNUST _c2005 |
||
| 300 | _aix,47p. | ||
| 500 | _aBE Project Report | ||
| 942 |
_aCAE NUST _kPR 2393 |
||
| 999 |
_c328047 _d328047 |
||